Dharmavir bharati ka sahitya. Srijan ke vivdha rangu (Record no. 27453)
[ view plain ]
| 000 -LEADER | |
|---|---|
| fixed length control field | 00588nam a2200157Ia 4500 |
| 008 - FIXED-LENGTH DATA ELEMENTS--GENERAL INFORMATION | |
| fixed length control field | 210327s9999||||xx |||||||||||||| ||und|| |
| 040 ## - CATALOGING SOURCE | |
| Transcribing agency | STCPL |
| 082 ## - DEWEY DECIMAL CLASSIFICATION NUMBER | |
| Classification number | 891.4309 |
| Item number | SON-D |
| 100 ## - MAIN ENTRY--PERSONAL NAME | |
| Personal name | सोनवर्ण चन्द्र भानु सीताराम |
| 245 #0 - TITLE STATEMENT | |
| Title | Dharmavir bharati ka sahitya. Srijan ke vivdha rangu |
| Title in other language | धर्म वीर भारती का साहित्य सुजन के विविध रंगा |
| 260 ## - PUBLICATION, DISTRIBUTION, ETC. | |
| Place of publication, distribution, etc. | New Delhi |
| Name of publisher, distributor, etc. | Prachasil Prakashan |
| Date of publication, distribution, etc. | 1979 |
| 300 ## - PHYSICAL DESCRIPTION | |
| Extent | P- 178 21 CM |
| 650 ## - SUBJECT ADDED ENTRY--TOPICAL TERM | |
| Topical term or geographic name entry element | General |
| 942 ## - ADDED ENTRY ELEMENTS (KOHA) | |
| Koha item type | Books |
| 041 ## - LANGUAGE CODE | |
| Language code of original | |
| Withdrawn status | Lost status | Damaged status | Not for loan | Home library | Current library | Shelving location | Date acquired | Cost, normal purchase price | Total Checkouts | Full call number | Barcode | Date last seen | Price effective from | Koha item type |
|---|---|---|---|---|---|---|---|---|---|---|---|---|---|---|
| ST. THOMAS COLLEGE LIBRARY, PALAI | ST. THOMAS COLLEGE LIBRARY, PALAI | 2021-07-10 | 30.00 | 891.4309 SON-D | 39450 | 2021-07-10 | 2021-07-10 | Books |
